| 000 | 01002 a2200241 4500 | ||
|---|---|---|---|
| 001 | 45887 | ||
| 005 | 20260407155731.0 | ||
| 008 | 260407a1985 arg spa d | ||
| 003 | AR-UNSa-BCEJYS | ||
| 040 |
_aAR-UNSa-BCEJYS _bspa _cAR-UNSa-BCEJYS |
||
| 080 |
_a004 _xCiencia y tecnología de los ordenadores. Informática |
||
| 245 | 1 | 0 |
_aProgramacion Basic _pcomplemento del texto : Principios de procesamiento de datos |
| 020 | _a968-18-0853-3 | ||
| 264 | 1 |
_aMéxico : _bLimusa _c1985 |
|
| 300 |
_a118 p. _c27 cm. |
||
| 505 | _a1. Procesamiento en terminales mediante el uso del lenguaje BASIC – 2. Elementos esenciales de un programa BASIC – 3. Cómo escribir programas simples en BASIC – 4. El enunciado PRINT y sus opciones – 5. Ciclos y ordenaciones – 6. Funciones y subrutinas - | ||
| 942 | _cBK | ||
| 590 | _aniveau_biblio:m niveau_hierar:0 | ||
| 100 | 1 | _aCorona Rodriguez, Hortensia | |
| 700 | 1 | _aStern, Nancy B. | |
| 700 | 1 | _aStern, Robert A. | |
| 700 | 1 | _aPerez Segui, Enrique | |
| 999 |
_c4051 _d4051 |
||